[Event "Konjic op 12th"]
[Site "Konjic"]
[Date "2023.03.01"]
[Round "1"]
[White "Omeri, Eklea"]
[Black "Mihasi, Lime"]
[Result "1/2-1/2"]
[WhiteElo "1629"]
[BlackElo "2006"]
[PlyCount "61"]
[EventDate "2023.03.01"]
[EventType "swiss"]
[EventRounds "7"]
[EventCountry "BIH"]
[SourceTitle "CBM 213 Extra"]
[Source "ChessBase"]
[SourceDate "2023.05.31"]
[SourceVersion "1"]
[SourceVersionDate "2023.05.31"]
[SourceQuality "1"]

1. d4 Nf6 2. c4 e6 3. Nc3 Bb4 4. Qc2 c5 5. dxc5 Bxc5 6. Nf3 d5 7. cxd5 Nxd5 8. Nxd5 Qxd5 9. Bd2 Bd7 10. e3 Bc6 11. Be2 Nd7 12. 0-0 Qd6 13. h3 0-0 14. Bc3 Qe7 15. Bd4 e5 16. Bxc5 Nxc5 17. Rac1 Nd7 18. Qb3 Rad8 19. Rfd1 Nf6 20. Rxd8 Rxd8 21. Rd1 Rxd1+ 22. Qxd1 g6 23. Qc2 Qd6 24. Qc3 Nd7 25. Nd2 Qc5 26. Qxc5 Nxc5 27. Nc4 f6 28. f3 Kf8 29. Kf2 Ke7 30. e4 b6 31. Ke3 1/2-1/2

[Event "EU-ch Hybrid U14 Girls"]
[Site "Tornelo INT"]
[Date "2021.10.15"]
[Round "6"]
[White "Deak Sala, Emilia"]
[Black "Omeri, Eklea"]
[Result "0-1"]
[WhiteElo "1728"]
[BlackElo "1237"]
[PlyCount "72"]
[EventDate "2021.10.15"]
[EventType "swiss"]
[EventRounds "9"]
[EventCountry "NET"]
[SourceTitle "EXT 2023"]
[Source "ChessBase"]
[SourceDate "2022.10.05"]
[SourceVersion "1"]
[SourceVersionDate "2022.10.05"]
[SourceQuality "1"]
[WhiteTeam "Austria"]
[BlackTeam "Albania"]
[WhiteTeamCountry "AUT"]
[BlackTeamCountry "ALB"]

1. e4 e6 2. d4 d5 3. Nc3 Nf6 4. Bg5 dxe4 5. Nxe4 Be7 6. Bxf6 Bxf6 7. c3 c6 8. Nf3 0-0 9. Bd3 Nd7 10. Qc2 g6 11. Nxf6+ Qxf6 12. h4 e5 13. 0-0-0 exd4 14. cxd4 Nb6 15. h5 Bg4 16. hxg6 hxg6 17. Rde1 Bxf3 18. gxf3 Rae8 19. Reg1 Kg7 20. Rg3 Nd5 21. Kb1 Rh8 22. Rhg1 Nb4 23. Qc3 Nxd3 24. Qxd3 Rh4 25. Qb3 b6 26. d5 Qf5+ 27. Ka1 Qxd5 28. Qc3+ Qd4 29. Qxc6 Re2 30. Qb5 Qxf2 31. a3 Re1+ 32. Ka2 Rxg1 33. Qe5+ Kh7 34. Rxg1 Qxg1 35. Qf6 Qd4 36. Qxf7+ Qg7 0-1

[Event "Online Friendship U12"]
[Site "Tornelo INT"]
[Date "2020.11.21"]
[Round "2.2"]
[White "Omeri, Eklea"]
[Black "Kirtadze, Anastasia"]
[Result "0-1"]
[WhiteElo "1070"]
[BlackElo "1477"]
[PlyCount "120"]
[EventDate "2020.11.21"]
[EventType "team-swiss"]
[EventRounds "7"]
[EventCountry "BLR"]
[SourceTitle "CBM 199 Extra"]
[Source "ChessBase"]
[SourceDate "2021.01.31"]
[SourceVersion "1"]
[SourceVersionDate "2021.01.31"]
[SourceQuality "1"]
[WhiteTeam "Albania"]
[BlackTeam "Georgia"]
[WhiteTeamCountry "ALB"]
[BlackTeamCountry "GEO"]

1. d4 Nf6 2. Nf3 e6 3. Bg5 Be7 4. c4 b6 5. Nc3 Bb7 6. e3 0-0 7. Bd3 d5 8. Bxf6 Bxf6 9. cxd5 exd5 10. 0-0 Nd7 11. Re1 Re8 12. Qc2 h6 13. e4 dxe4 14. Nxe4 Nf8 15. Nxf6+ Qxf6 16. Be4 Bxe4 17. Rxe4 Rxe4 18. Qxe4 Rd8 19. Rd1 Ne6 20. Ne5 Nc5 21. Qf3 Qxf3 22. Nxf3 Ne6 23. Rd2 Kf8 24. Kf1 c6 25. g3 Ke7 26. Ne5 Rd6 27. Nf3 g5 28. g4 Kf6 29. Ke2 Nf4+ 30. Ke3 Re6+ 31. Ne5 Ke7 32. Kf3 f6 33. Nd3 Ng6 34. Kg3 Rd6 35. Ne1 Nf4 36. Ng2 Rxd4 37. Rxd4 Ne2+ 38. Kf3 Nxd4+ 39. Ke3 c5 40. Ne1 Kd6 41. b3 Nc6 42. Nd3 Ne5 43. Nxe5 Kxe5 44. a4 a6 45. f3 b5 46. a5 c4 47. bxc4 bxc4 48. h3 Kd5 49. Ke2 Kc5 50. Ke3 Kb4 51. Kd2 Kxa5 52. Kc3 Kb5 53. Kc2 a5 54. Kc3 a4 55. Kc2 Kb4 56. Kb2 c3+ 57. Kc2 a3 58. Kc1 Kb3 59. Kb1 a2+ 60. Ka1 c2 0-1

[Event "Online Friendship U12"]
[Site "Tornelo INT"]
[Date "2020.11.21"]
[Round "6.2"]
[White "Omeri, Eklea"]
[Black "Rohan, Atul Singhvi"]
[Result "1-0"]
[WhiteElo "1070"]
[BlackElo "1044"]
[PlyCount "103"]
[EventDate "2020.11.21"]
[EventType "team-swiss"]
[EventRounds "7"]
[EventCountry "BLR"]
[SourceTitle "CBM 199 Extra"]
[Source "ChessBase"]
[SourceDate "2021.01.31"]
[SourceVersion "1"]
[SourceVersionDate "2021.01.31"]
[SourceQuality "1"]
[WhiteTeam "Albania"]
[BlackTeam "Bahrain Chess Academy"]
[WhiteTeamCountry "ALB"]
[BlackTeamCountry "BHN"]

1. d4 Nf6 2. Nf3 g6 3. c4 Bg7 4. Nc3 0-0 5. Bg5 d6 6. e3 a5 7. Bd3 Na6 8. Bxf6 Bxf6 9. 0-0 c5 10. d5 Bg4 11. Rb1 Nb4 12. a3 Bxf3 13. gxf3 Nxd3 14. Qxd3 Bg7 15. e4 e6 16. f4 e5 17. Qg3 exf4 18. Qxf4 Be5 19. Qg4 h6 20. Ne2 h5 21. Qf3 Qg5+ 22. Qg2 Qd2 23. f4 Bd4+ 24. Nxd4 Qxd4+ 25. Kh1 Qxc4 26. f5 Kh7 27. Rg1 Rg8 28. fxg6+ Rxg6 29. Qf3 Rf6 30. Qxh5+ Rh6 31. Qxf7+ Kh8 32. Rg4 Qd4 33. Rbg1 Rxh2+ 34. Kxh2 Qd2+ 35. R1g2 Qh6+ 36. Kg1 Qc1+ 37. Qf1 Qe3+ 38. Rf2 Rg8 39. Rxg8+ Kxg8 40. Qg2+ Kh7 41. Qh2+ Kg6 42. Qxd6+ Kg5 43. Qf4+ Qxf4 44. Rxf4 Kxf4 45. d6 Kxe4 46. d7 c4 47. d8Q b5 48. Qxa5 Kd4 49. Qxb5 c3 50. bxc3+ Kxc3 51. a4 Kd2 52. a5 1-0

[Event "Online Friendship U12"]
[Site "Tornelo INT"]
[Date "2020.11.21"]
[Round "4.2"]
[White "Omeri, Eklea"]
[Black "Smetana, Peter"]
[Result "1/2-1/2"]
[WhiteElo "1070"]
[BlackElo "1260"]
[PlyCount "73"]
[EventDate "2020.11.21"]
[EventType "team-swiss"]
[EventRounds "7"]
[EventCountry "BLR"]
[SourceTitle "CBM 199 Extra"]
[Source "ChessBase"]
[SourceDate "2021.01.31"]
[SourceVersion "1"]
[SourceVersionDate "2021.01.31"]
[SourceQuality "1"]
[WhiteTeam "Albania"]
[BlackTeam "Slovakia"]
[WhiteTeamCountry "ALB"]
[BlackTeamCountry "SVK"]

1. d4 Nf6 2. Nf3 d5 3. Bg5 e6 4. e3 Bd6 5. c4 c6 6. Nc3 0-0 7. Be2 Nbd7 8. 0-0 b6 9. cxd5 cxd5 10. Rc1 a6 11. Bd3 Bb7 12. a3 Qb8 13. Bxf6 Nxf6 14. h3 Qd8 15. b4 Rc8 16. Qb3 Qe7 17. Na4 Rxc1 18. Rxc1 b5 19. Nc5 Bxc5 20. Rxc5 Rc8 21. Qc3 Rxc5 22. Qxc5 Qxc5 23. dxc5 Nd7 24. Nd4 Ne5 25. Be2 Kf8 26. f4 Nc6 27. Kf2 Ke7 28. g4 f6 29. Bd3 g6 30. Nxc6+ Bxc6 31. h4 e5 32. Kg3 e4 33. Bc2 Ke6 34. g5 f5 35. Bd1 Bb7 36. Kf2 Bc6 37. Kg3 1/2-1/2

[Event "Ohrid Lasker U20 op"]
[Site "Ohrid"]
[Date "2018.10.11"]
[Round "1"]
[White "Omeri, Eklea"]
[Black "Zlatkov, Anton"]
[Result "0-1"]
[WhiteElo "1063"]
[BlackElo "1694"]
[PlyCount "81"]
[EventDate "2018.10.11"]
[EventType "swiss"]
[EventRounds "7"]
[EventCountry "MKD"]
[SourceTitle "CBM 186 Extra"]
[Source "ChessBase"]
[SourceDate "2018.08.24"]
[SourceVersion "1"]
[SourceVersionDate "2018.08.24"]
[SourceQuality "1"]

1. d4 Nf6 2. Nc3 d5 3. Nf3 e6 4. Bg5 Be7 5. Bxf6 Bxf6 6. e3 0-0 7. g3 c5 8. Bg2 Nc6 9. Ne2 Qb6 10. Rb1 Bd7 11. 0-0 Rac8 12. c3 cxd4 13. Nexd4 e5 14. Nxc6 bxc6 15. Qb3 Qc7 16. Rfd1 Bf5 17. Ra1 Rfd8 18. Rd2 Be6 19. Qd1 c5 20. Ne1 e4 21. Nc2 Rb8 22. Ne1 Qb6 23. Rb1 Bxc3 24. Rc2 Bf6 25. Bf1 d4 26. exd4 cxd4 27. b3 d3 28. Rcc1 d2 29. Rc2 dxe1Q 30. Qxe1 e3 31. fxe3 Bf5 32. Rcc1 Bxb1 33. Rxb1 Re8 34. Kf2 Bg5 35. Qd1 Qxe3+ 36. Kg2 Rbd8 37. Qf3 Rd2+ 38. Be2 Rxe2+ 39. Qxe2 Qxe2+ 40. Kg1 Be3+ 41. Kh1 0-1